|
|
|
|
| LEADER |
01085nam a2200337 a 4500 |
| 001 |
000000113 |
| 003 |
SVKKK |
| 005 |
20070403132825.0 |
| 008 |
030616c1993 xo e sloo |
| FMT |
|
|
|
| 038 |
|
|
|a SVKKK
|
| 040 |
|
|
|a SVKKK
|b slo
|e AACR2
|
| 041 |
0 |
|
|a slo
|b eng
|
| 044 |
|
|
|a xo
|
| 080 |
|
|
|a 551.1/.4(234.372.3)
|2 1981
|
| 100 |
1 |
|
|a Rakús, Miloš
|4 aut
|
| 245 |
1 |
0 |
|a Geodynamický model a hlbinná stavba Západných Karpát :
|b zborník referátov zo seminára uskutočneného v dňoch 17.-18. 12. 1992 /
|c Rakús Miloš, Vozár Jozef
|
| 250 |
|
|
|a 1. vyd.
|
| 260 |
|
|
|a Bratislava :
|b Geologický ústav Dionýza Štúra,
|c 1993
|
| 300 |
|
|
|a 290 s. :
|b Fotogr. 6, obr. 123, sch. 2, tab. 17
|
| 504 |
|
|
|a Res. v angl., lit. v angl., češ., franc., maď., nem., poľ., rum., ruš., tal., slov., špan.
|
| 650 |
0 |
4 |
|a geodynamika
|z Západné Karpaty
|x štúdie
|x zborníky
|
| 650 |
0 |
4 |
|a geológia
|
| 700 |
1 |
|
|a Vozár, Jozef
|4 aut
|
| 957 |
|
|
|a Slovensko
|
| 958 |
|
|
|a NP
|
| 974 |
|
|
|d 940426
|a 245/077
|
| 992 |
|
|
|a AZN
|
| BAS |
|
|
|
| 852 |
|
|
|a SVKKK
|b BIB
|
| 998 |
|
|
|a GEO
|